00308nam a2200133Ia 45000030006000000080041000060400015000471000022000622450034000842500018001182600009001365460012001450050017001570STCL150530s9999 xx 000 0 und d aSTCLcSTCL aAlice, Hegan Rice aMrs. Wiggs of th Cabage patch aTwenty second c1915 aEnglish20220125171028.0